[Event "Budapest Vezerkepzo IM-C 04"]
[Site "Budapest"]
[Date "2023.04.27"]
[Round "3"]
[White "Joshua, AP."]
[Black "Isha, Sharma"]
[Result "0-1"]
[WhiteElo "2283"]
[BlackElo "2216"]
[PlyCount "52"]
[EventDate "2023.04.25"]
[EventType "tourn"]
[EventRounds "9"]
[EventCountry "HUN"]
[SourceTitle "CBM 214 Extra"]
[Source "ChessBase"]
[SourceDate "2023.07.31"]
[SourceVersion "1"]
[SourceVersionDate "2023.07.31"]
[SourceQuality "1"]

1. Nf3 Nf6 2. g3 b5 3. Bg2 Bb7 4. d3 d5 5. Nbd2 Nbd7 6. 0-0 e5 7. c4 c6 8. b3 Bd6 9. Bb2 Qe7 10. Rc1 0-0 11. Rc2 b4 12. cxd5 cxd5 13. Nh4 g6 14. e4 Nc5 15. exd5 Nxd3 16. Ba1 Rad8 17. Nc4 e4 18. Bxf6 Qxf6 19. Bxe4 Nf4 20. Rd2 Bc5 21. Qf3 Rfe8 22. Rfd1 Rxe4 23. Qxe4 Nh3+ 24. Kh1 Nxf2+ 25. Rxf2 Qxf2 26. Nf3 Bxd5 0-1

[Event "Budapest Vezerkepzo IM-C 04"]
[Site "Budapest"]
[Date "2023.04.26"]
[Round "2"]
[White "Pulpan, Jakub"]
[Black "Joshua, AP."]
[Result "1-0"]
[WhiteElo "2427"]
[BlackElo "2283"]
[PlyCount "87"]
[EventDate "2023.04.25"]
[EventType "tourn"]
[EventRounds "9"]
[EventCountry "HUN"]
[SourceTitle "CBM 214 Extra"]
[Source "ChessBase"]
[SourceDate "2023.07.31"]
[SourceVersion "1"]
[SourceVersionDate "2023.07.31"]
[SourceQuality "1"]

1. Nf3 d5 2. b3 c5 3. e3 Nf6 4. Bb2 g6 5. c4 dxc4 6. bxc4 Bg7 7. Be2 Nc6 8. 0-0 0-0 9. Ne5 Qc7 10. Nxc6 Qxc6 11. d3 Bf5 12. Nd2 Rad8 13. Nf3 a6 14. Qb3 Nd7 15. Bxg7 Kxg7 16. a4 Rb8 17. Rab1 e5 18. Qc3 f6 19. a5 Kg8 20. Nd2 Qd6 21. Rb3 b6 22. Rfb1 bxa5 23. Qxa5 Rxb3 24. Rxb3 Rb8 25. Rxb8+ Nxb8 26. Qa3 Kg7 27. g4 Bc8 28. Ne4 Qb6 29. Qxc5 Qxc5 30. Nxc5 Kf7 31. Kf1 Ke7 32. Ke1 Kd6 33. Ne4+ Ke7 34. Kd2 f5 35. gxf5 gxf5 36. Nc5 Nc6 37. Kc3 a5 38. f4 exf4 39. exf4 Kd6 40. d4 Ne7 41. Bh5 Ng8 42. Bf3 Ne7 43. Nd3 Ba6 44. d5 1-0

[Event "Budapest Vezerkepzo GM 04"]
[Site "Budapest"]
[Date "2023.04.15"]
[Round "3"]
[White "Ilamparthi, AR."]
[Black "Joshua, AP."]
[Result "1-0"]
[WhiteElo "2408"]
[BlackElo "2283"]
[PlyCount "47"]
[EventDate "2023.04.13"]
[EventType "tourn"]
[EventRounds "9"]
[EventCountry "HUN"]
[EventCategory "6"]
[SourceTitle "CBM 213 Extra"]
[Source "ChessBase"]
[SourceDate "2023.05.31"]
[SourceVersion "1"]
[SourceVersionDate "2023.05.31"]
[SourceQuality "1"]

1. Nf3 d5 2. g3 c5 3. Bg2 Nc6 4. 0-0 e5 5. d3 Be7 6. Nbd2 h5 7. e4 d4 8. Nc4 Qc7 9. a4 h4 10. c3 Be6 11. Bd2 hxg3 12. hxg3 0-0-0 13. cxd4 Bxc4 14. dxc4 cxd4 15. a5 Qd6 16. b4 d3 17. b5 Nd4 18. Nxd4 exd4 19. c5 Qg6 20. a6 bxa6 21. Rxa6 Nf6 22. e5 Qh7 23. Re1 Nd5 24. Rxa7 1-0

[Event "Budapest SixDays 03 GM-B"]
[Site "Budapest"]
[Date "2023.03.26"]
[Round "4"]
[White "Joshua, AP."]
[Black "Pribelszky, Bence Daniel"]
[Result "0-1"]
[WhiteElo "2300"]
[BlackElo "2380"]
[PlyCount "132"]
[EventDate "2023.03.24"]
[EventType "tourn"]
[EventRounds "9"]
[EventCountry "HUN"]
[EventCategory "6"]
[SourceTitle "CBM 213 Extra"]
[Source "ChessBase"]
[SourceDate "2023.05.31"]
[SourceVersion "1"]
[SourceVersionDate "2023.05.31"]
[SourceQuality "1"]

1. e4 c5 2. Nf3 e6 3. d4 cxd4 4. Nxd4 Nc6 5. Nc3 Qc7 6. Be3 a6 7. g4 b5 8. Nxc6 Qxc6 9. Qd2 Bc5 10. Bg2 Bxe3 11. Qxe3 Ne7 12. Rg1 Bb7 13. e5 Qc7 14. Bxb7 Qxb7 15. Ne4 0-0 16. 0-0-0 Nd5 17. Qd4 Qa7 18. Qd2 Rac8 19. Nd6 Rc6 20. g5 b4 21. Rg3 Qc5 22. Qd3 Nf4 23. Qe4 Qxf2 24. Kb1 Ng6 25. b3 Qxh2 26. Rdg1 Rc5 27. Nc4 Qf2 28. Rg4 Qf5 29. Qe2 Nxe5 30. Nxe5 Rxe5 31. Qh2 Rc5 32. R4g2 Rfc8 33. Rf2 Qg6 34. Rfg2 d5 35. Rd1 e5 36. Rdd2 d4 37. Qh3 Qe6 38. Qh4 Rc3 39. Rge2 Qf5 40. Rf2 Qg6 41. Qg4 h5 42. Qd7 R3c7 43. Qd5 Qxg5 44. Rg2 Qf5 45. Rdf2 Qe6 46. Qf3 g6 47. Qe4 Kg7 48. Rg5 Re7 49. Rfg2 Qc6 50. Qh4 Qf6 51. Rf2 Qe6 52. Rfg2 Rh8 53. Rxh5 Rxh5 54. Qxh5 Qd5 55. Qg5 Kf8 56. Rh2 Ke8 57. Qg4 Re6 58. Qg5 Kd7 59. Rh8 Kc7 60. Qh6 d3 61. Qd2 dxc2+ 62. Qxc2+ Rc6 63. Qe2 Rc3 64. Kb2 Qd4 65. Rh4 Rxb3+ 66. Kxb3 Qc3+ 0-1

[Event "Pozarevac Rudar 7th"]
[Site "Pozarevac"]
[Date "2022.12.17"]
[Round "7"]
[White "Joshua, AP."]
[Black "Ibadov, Dashgyn"]
[Result "0-1"]
[WhiteElo "2288"]
[BlackElo "2308"]
[PlyCount "80"]
[EventDate "2022.12.12"]
[EventType "tourn"]
[EventRounds "9"]
[EventCountry "SRB"]
[SourceTitle "CBM 211 Extra"]
[Source "ChessBase"]
[SourceDate "2023.01.31"]
[SourceVersion "1"]
[SourceVersionDate "2023.01.31"]
[SourceQuality "1"]

1. d4 d5 2. c4 c6 3. Nf3 Nf6 4. g3 Bf5 5. Nc3 e6 6. Nh4 dxc4 7. Nxf5 exf5 8. Bg2 Bb4 9. 0-0 0-0 10. e3 Nbd7 11. Qc2 g6 12. Nb1 Nb6 13. a3 Bd6 14. Nd2 Re8 15. Nxc4 Nxc4 16. Qxc4 h5 17. Bd2 h4 18. Bb4 Ne4 19. Bxd6 Qxd6 20. Bxe4 fxe4 21. Rad1 Rad8 22. Rd2 Qf6 23. Qe2 Qg5 24. Rc1 Rd5 25. Rdc2 Kg7 26. Rc5 Rh8 27. Rxd5 Qxd5 28. Rc5 Qe6 29. Qd2 Qg4 30. Rc2 Rh5 31. Qe2 Qe6 32. Qc4 Rd5 33. Qe2 a5 34. Rc1 Rb5 35. Rc2 h3 36. Qf1 Rb3 37. Qe2 Rd3 38. f3 Qb3 39. fxe4 Rxe3 40. Qf2 Qd3 0-1

[Event "Pozarevac Rudar 7th"]
[Site "Pozarevac"]
[Date "2022.12.15"]
[Round "4"]
[White "Bryakin, Mikhail"]
[Black "Joshua, AP."]
[Result "1-0"]
[WhiteElo "2437"]
[BlackElo "2288"]
[PlyCount "93"]
[EventDate "2022.12.12"]
[EventType "tourn"]
[EventRounds "9"]
[EventCountry "SRB"]
[SourceTitle "CBM 211 Extra"]
[Source "ChessBase"]
[SourceDate "2023.01.31"]
[SourceVersion "1"]
[SourceVersionDate "2023.01.31"]
[SourceQuality "1"]

1. d4 d5 2. Nf3 Nf6 3. c4 e6 4. g3 dxc4 5. Bg2 c5 6. 0-0 Nc6 7. dxc5 Qxd1 8. Rxd1 Bxc5 9. Nbd2 c3 10. bxc3 0-0 11. Nb3 Be7 12. Nfd4 Nxd4 13. cxd4 Nd5 14. Bd2 f5 15. Na5 b6 16. Nc6 Bf6 17. a4 Bb7 18. Ne5 Bxe5 19. dxe5 Ba6 20. Bf1 Rac8 21. e4 Bxf1 22. exd5 Be2 23. Re1 Bc4 24. d6 Kf7 25. Be3 Bd5 26. a5 b5 27. Bxa7 Ke8 28. Reb1 Bc6 29. Be3 Kd7 30. a6 Ra8 31. a7 Rfc8 32. Rb4 Rg8 33. h4 g6 34. Kf1 Bd5 35. Ke1 Bc4 36. Kd2 Rgc8 37. Ra6 Rh8 38. Rb1 Rhc8 39. Rba1 Bd5 40. Rb6 Bc6 41. Bc5 h6 42. Be3 Be4 43. Rxb5 g5 44. Bc5 Bc6 45. Rb4 Be4 46. Ra5 g4 47. h5 1-0

[Event "Belgrade Radnicki IM2 10"]
[Site "Belgrade"]
[Date "2022.10.24"]
[Round "3"]
[White "Joshua, AP."]
[Black "Petrovic, Aleksa"]
[Result "1-0"]
[WhiteElo "2236"]
[BlackElo "2237"]
[PlyCount "107"]
[EventDate "2022.10.22"]
[EventType "tourn"]
[EventRounds "9"]
[EventCountry "SRB"]
[SourceTitle "EXT 2024"]
[Source "ChessBase"]
[SourceDate "2023.10.10"]
[SourceVersion "1"]
[SourceVersionDate "2023.10.10"]
[SourceQuality "1"]

1. Nf3 Nf6 2. g3 b6 3. Bg2 Bb7 4. 0-0 c5 5. d3 g6 6. e4 d6 7. d4 Bxe4 8. Re1 Bb7 9. dxc5 bxc5 10. Bf4 d5 11. c4 Bg7 12. Ne5 0-0 13. Nc3 e6 14. Bg5 Nc6 15. Ng4 Nd4 16. Na4 Rc8 17. b4 Nf5 18. Nxc5 Bc6 19. b5 Be8 20. Ne4 dxe4 21. Qxd8 Rxd8 22. Nxf6+ Kh8 23. Rad1 Rxd1 24. Rxd1 h6 25. Nxe8 Rxe8 26. Bf4 Rc8 27. Bxe4 Rxc4 28. Bxf5 exf5 29. Rd8+ Kh7 30. Rd7 Ra4 31. Rxf7 Kg8 32. Rb7 Rxa2 33. Be3 a5 34. b6 a4 35. Ra7 Be5 36. Bf4 Bd4 37. Ra8+ Kf7 38. b7 Rxf2 39. Kh1 Rf1+ 40. Kg2 Rf2+ 41. Kh3 g5 42. Rf8+ Kg6 43. Rg8+ Kh5 44. Bxg5 hxg5 45. Rxg5+ Kxg5 46. b8Q Bf6 47. Qg8+ Kh6 48. Qe6 Kg7 49. Qd7+ Kg6 50. Qe8+ Kg7 51. Qxa4 Re2 52. Qf4 Re5 53. Kg2 Kg8 54. Qc4+ 1-0

[Event "Belgrade Radnicki IM 10"]
[Site "Belgrade"]
[Date "2022.10.16"]
[Round "5"]
[White "Akbas, Umut Ata"]
[Black "Joshua, AP."]
[Result "1-0"]
[WhiteElo "2292"]
[BlackElo "2236"]
[PlyCount "43"]
[EventDate "2022.10.13"]
[EventType "tourn"]
[EventRounds "9"]
[EventCountry "SRB"]
[SourceTitle "CBM 210 Extra"]
[Source "ChessBase"]
[SourceDate "2022.11.30"]
[SourceVersion "1"]
[SourceVersionDate "2022.11.30"]
[SourceQuality "1"]

1. e4 c6 2. d4 d5 3. f3 Qb6 4. Nc3 dxe4 5. fxe4 e5 6. Nf3 exd4 7. Nxd4 h5 8. Be2 Nf6 9. 0-0 Bg4 10. e5 Bxe2 11. Ncxe2 Ng4 12. e6 fxe6 13. Qd3 Ne5 14. Qe3 Nbd7 15. Nxe6 Bc5 16. Nxg7+ Ke7 17. Nf5+ Kd8 18. Ned4 Ng4 19. Qg5+ Kc8 20. c3 a5 21. Bf4 Qxb2 22. Ne7+ 1-0

[Event "Belgrade Summer IM 4th"]
[Site "Belgrade"]
[Date "2022.07.28"]
[Round "6"]
[White "Kouvidis, Ioannis"]
[Black "Joshua, AP."]
[Result "1-0"]
[WhiteElo "2084"]
[BlackElo "2153"]
[PlyCount "103"]
[EventDate "2022.07.24"]
[EventType "tourn"]
[EventRounds "9"]
[EventCountry "SRB"]
[EventCategory "1"]
[SourceTitle "CBM 209 Extra"]
[Source "ChessBase"]
[SourceDate "2022.09.30"]
[SourceVersion "1"]
[SourceVersionDate "2022.09.30"]
[SourceQuality "1"]

1. d4 d5 2. Nc3 Nf6 3. Bf4 c5 4. e3 Bg4 5. f3 Bd7 6. dxc5 Qa5 7. Bxb8 Rxb8 8. Qd4 Qc7 9. Nb5 Bxb5 10. Bxb5+ Kd8 11. b4 a6 12. Ba4 b6 13. cxb6 Rxb6 14. c3 e6 15. Ne2 Bd6 16. Kf2 Ke7 17. g3 h5 18. Rac1 h4 19. a3 Rbb8 20. Bb3 Rbc8 21. Qd3 Rh6 22. g4 Nd7 23. h3 Rf6 24. Nd4 Bg3+ 25. Ke2 a5 26. Qb5 Be5 27. Qxa5 Qd6 28. g5 Rg6 29. f4 Bxf4 30. exf4 Qxf4 31. Rhg1 Qh2+ 32. Ke3 Qb2 33. Qa6 Rxg5 34. Qxc8 Re5+ 35. Kf3 Qd2 36. Nc6+ Kd6 37. Qxd7+ Kxd7 38. Nxe5+ Ke7 39. Rc2 Qh6 40. Ng4 Qg6 41. Re1 f5 42. Nf2 Qg3+ 43. Ke2 g5 44. Kf1 g4 45. Rce2 Qf4 46. Rxe6+ Kf8 47. Re8+ Kg7 48. R8e7+ Kf6 49. R1e6+ Kg5 50. Rg7+ Kh5 51. hxg4+ fxg4 52. Bd1 1-0

[Event "Belgrade Summer IM 4th"]
[Site "Belgrade"]
[Date "2022.07.27"]
[Round "5"]
[White "Poschadel, Andreas Gregor"]
[Black "Joshua, AP."]
[Result "0-1"]
[WhiteElo "2101"]
[BlackElo "2153"]
[PlyCount "106"]
[EventDate "2022.07.24"]
[EventType "tourn"]
[EventRounds "9"]
[EventCountry "SRB"]
[EventCategory "1"]
[SourceTitle "CBM 209 Extra"]
[Source "ChessBase"]
[SourceDate "2022.09.30"]
[SourceVersion "1"]
[SourceVersionDate "2022.09.30"]
[SourceQuality "1"]

1. e4 c6 2. Nc3 d5 3. Nf3 Nf6 4. e5 Ne4 5. Ne2 Qb6 6. d4 e6 7. Ng3 c5 8. Bd3 Nxg3 9. fxg3 Nc6 10. 0-0 cxd4 11. a3 Bd7 12. Qe2 f6 13. b4 0-0-0 14. Bb2 Be7 15. exf6 gxf6 16. b5 Ne5 17. Nxe5 fxe5 18. Qxe5 Bd6 19. Qg7 e5 20. Rf7 Bxb5 21. Bf5+ Kb8 22. Kh1 Be8 23. Qxh8 Bxf7 24. Qf6 Rf8 25. g4 Bg6 26. Qe6 Bc7 27. Qe7 Re8 28. Qb4 a5 29. Qxb6 Bxb6 30. Re1 Kc7 31. h4 Kd6 32. Bc1 Bxf5 33. gxf5 Rc8 34. f6 Ke6 35. Bf4 Bc7 36. Bg5 Bd8 37. Rf1 Kf7 38. Rf5 Bc7 39. g4 Bd6 40. Rf2 Bxa3 41. Bh6 Bb2 42. Bd2 a4 43. Bb4 a3 44. Bxa3 Bxa3 45. g5 Bd6 46. h5 Rg8 47. Rg2 e4 48. Kg1 Bf4 49. g6+ hxg6 50. hxg6+ Rxg6 51. Rxg6 Kxg6 52. f7 Kxf7 53. c3 dxc3 0-1

[Event "Belgrade Gligoric Memorial"]
[Site "Belgrade"]
[Date "2022.07.17"]
[Round "1"]
[White "Samant, Aditya S"]
[Black "Joshua, AP."]
[Result "1-0"]
[WhiteElo "2431"]
[BlackElo "2153"]
[PlyCount "73"]
[EventDate "2022.07.17"]
[EventType "swiss"]
[EventRounds "9"]
[EventCountry "SRB"]
[SourceTitle "CBM 209 Extra"]
[Source "ChessBase"]
[SourceDate "2022.09.30"]
[SourceVersion "1"]
[SourceVersionDate "2022.09.30"]
[SourceQuality "1"]

1. e4 c6 2. d4 d5 3. exd5 cxd5 4. Bd3 Nc6 5. c3 Nf6 6. h3 e5 7. dxe5 Nxe5 8. Nf3 Nxd3+ 9. Qxd3 Bd6 10. 0-0 0-0 11. Bg5 h6 12. Bh4 Be6 13. Nd4 Re8 14. Nd2 g5 15. Bg3 Ne4 16. Bxd6 Qxd6 17. Rae1 f5 18. Re2 Re7 19. Rfe1 Rae8 20. Nf1 Bd7 21. Ne3 Rf8 22. Nexf5 Rxf5 23. f3 Qb6 24. fxe4 dxe4 25. Rxe4 Ref7 26. Re7 R5f6 27. b4 Qd6 28. Rxf7 Rxf7 29. Qe3 Qf6 30. Nf3 Rf8 31. Ne5 Bc6 32. Ng4 Qg7 33. Qe6+ Kh7 34. Qd6 Rf7 35. Qd3+ Kg8 36. Re6 Rd7 37. Nxh6+ 1-0

[Event "Paracin op-A 15th"]
[Site "Paracin"]
[Date "2022.07.08"]
[Round "1"]
[White "Joshua, AP."]
[Black "Samant, Aditya S"]
[Result "0-1"]
[WhiteElo "2153"]
[BlackElo "2431"]
[PlyCount "98"]
[EventDate "2022.07.08"]
[EventType "swiss"]
[EventRounds "9"]
[EventCountry "SRB"]
[SourceTitle "EXT 2023"]
[Source "ChessBase"]
[SourceDate "2022.10.05"]
[SourceVersion "1"]
[SourceVersionDate "2022.10.05"]
[SourceQuality "1"]

1. Nf3 d5 2. g3 c6 3. Bg2 Bg4 4. 0-0 e6 5. h3 Bh5 6. d3 Bd6 7. c4 Ne7 8. Qb3 Nd7 9. cxd5 exd5 10. Nc3 0-0 11. e4 Nc5 12. Qc2 Ne6 13. Ne2 f5 14. Nfd4 Nxd4 15. Nxd4 Qd7 16. exd5 Nxd5 17. Bd2 Bc7 18. Rae1 f4 19. Bxd5+ cxd5 20. Ne6 Rac8 21. g4 Bxg4 22. Nxf8 Qf5 23. Kh2 f3+ 24. Kg1 Bxh3 25. Qa4 Bxf1 26. Qd7 Qxd7 27. Nxd7 Bxd3 28. Rc1 Bf5 29. Bf4 Bxd7 30. Rxc7 Rxc7 31. Bxc7 d4 32. Kf1 Kf7 33. Bb8 a6 34. Be5 d3 35. Ke1 g5 36. Bc3 g4 37. Bd2 Kg6 38. Bb4 Kf6 39. Ba5 Kf5 40. Bd8 Ke4 41. Bh4 h5 42. Kd2 Be6 43. b3 b5 44. Bg3 a5 45. Bh4 a4 46. bxa4 bxa4 47. a3 Kd4 48. Bf6+ Kc4 49. Bh4 Bf5 0-1

[Event "Arandjelovac ASK-7 IM"]
[Site "Arandjelovac"]
[Date "2022.03.03"]
[Round "5"]
[White "Joshua, AP."]
[Black "Sredojevic, Ivan"]
[Result "1/2-1/2"]
[WhiteElo "2144"]
[BlackElo "2307"]
[PlyCount "49"]
[EventDate "2022.02.28"]
[EventType "swiss"]
[EventRounds "9"]
[EventCountry "SRB"]
[SourceTitle "CBM 207 Extra"]
[Source "ChessBase"]
[SourceDate "2022.05.31"]
[SourceVersion "1"]
[SourceVersionDate "2022.05.31"]
[SourceQuality "1"]

1. Nf3 Nf6 2. g3 b6 3. Bg2 Bb7 4. b3 e6 5. Bb2 Be7 6. c4 0-0 7. 0-0 c5 8. d4 cxd4 9. Qxd4 Qc7 10. Nc3 Nc6 11. Qh4 Rad8 12. Rfd1 d5 13. cxd5 Nxd5 14. Nxd5 Rxd5 15. Qg4 Rxd1+ 16. Rxd1 g6 17. Ng5 Rd8 18. Rxd8+ Qxd8 19. h4 Qd2 20. Qc4 Qxb2 21. Bxc6 Bxc6 22. Qxc6 Bxg5 23. hxg5 Qxa2 24. Qc8+ Kg7 25. Qc3+ 1/2-1/2